000 00829cam a2200253 a 4500
001 000008246
005 20200929161322.0
008 870106s1965 ve b 000 0 spa
020 _a9681620178
035 _a(DLC) 87100813
040 _aDO-SdBNP
_cDLC
_dDLC
_dBNPHU
082 _a861.00998
_bS942m
100 1 _aSucre, Guillermo,
_d1933-
_98719
245 1 3 _aLa máscara, la transparencia :
_bensayos sobre poesía hispanoamericana /
_cGuillermo Sucre.
260 _aCaracas :
_bMonte Ávila,
_c1965.
300 _a462 p. ;
_c20 cm.
490 1 _aPrisma
504 _aBibliografía: p. 390-394.
650 4 _aPoesía hispanoamericana
_xHistoria y crítica.
_922364
650 4 _aLiteratura hispanoamericana
_xHistoria y crítica
_96273
830 0 _aPrisma.
_93770
910 _aCatalogación por copia / LC
049 _aBNGR
999 _c8017
_d8017